000 00322 a2200085 4500
100 1 _aŻernicki, Edward.
_eAutor
245 0 _aPomiary charakterystyk promieniowania anten metodą impulsową :
_bopracowanie metody /
_cŻernicki Edward.
710 2 _aInstytut Łączności.
_eWydawca
_4pbl
260 _aWrocław :
_bIŁ,
_c1978.
300 _a81 s.;
_c30 cm.
999 _c17609
_d17609